000 00303pam a2200121 a 4500
020 _c
041 _h
100 _aHARRYG. CHAMPION.,
_eAUTHOR.
245 _aA Revised Survey of the Forest Type of India
_hTextual Documents
260 _a[s.l]:
_bNATRAJ PUBLISHERS.
300 _a404.
930 _a2743
999 _c248594
_d248594